000
00280nam a22001217a 4500
008
180115b xxu||||| |||| 00| 0 eng d
041
_a
eng
080
_a
573
100
_a
11
101
_a
BIO
245
_a
Micro-Methods for the Biological Sciences
_c
Keleti, G
942
_2
udc
_c
BK
999
_c
40264
_d
40264